| 000 | 01372nam a2200337 i 4500 | ||
|---|---|---|---|
| 003 | EG-GICUC | ||
| 005 | 20260130161225.0 | ||
| 008 | 260124s2014 ua ||||fr|||| 00| 0 ara d | ||
| 017 | _a2014/21920 | ||
| 020 | _a9789773351533 | ||
| 040 |
_a EG-GICUC _bara _c EG-GICUC _d EG-GICUC _erda |
||
| 041 | _aara | ||
| 082 | 0 | 4 |
_221 _a343.46 _bخ ا . د |
| 092 | 0 | 4 | _221 |
| 099 | _aLaw1 10 343.46 خ ا . د2014 | ||
| 100 | 0 |
_aخالد حازم إبراهيم _eمؤلف. |
|
| 245 | 1 | 0 |
_aدور الأجهزة الأمنية فى الأثبات الجنائى فى الجرائم المتعلقة بشبكة المعلومات الدولية (الإنترنت) : _b(دراسة مقارنة) / _cإعداد دكتور / خالد حازم إبراهيم. |
| 264 | 1 |
_aالقاهرة : _bدار النهضة العربية، _c2014. |
|
| 300 |
_a465 صفحة ; _c24 سم. |
||
| 336 |
_2rda content _atext |
||
| 337 |
_2rda media _aComputer |
||
| 338 |
_2rda carrier _aOnline Resource |
||
| 504 | _aيشتمل على إرجاعات ببليوجرافية. | ||
| 650 | 1 | _aالقانون الجنائي | |
| 650 | 1 | _aتقنية المعلومات -- قوانين وتشريعات | |
| 650 | 1 | _aالإثبات الجنائي | |
| 653 | _aالإنترنت | ||
| 856 | 4 | 0 | _uhttps://fll.law.cu.edu.eg/fulltext/bks/B10-05968.pdf |
| 905 |
_a43 _eYara |
||
| 942 |
_2ddc _n0 _cBK _e21 |
||
| 999 |
_c59098 _d59098 |
||